000 00778nam a22002295i 4500
001 168090
003 ES-MaACL
005 20260209164132.0
008 990922s1887 sp |||| | spa d
040 _aCYL
_bspa
_cCYL
100 0 _aYusuf.
_9133999
245 1 _aDe la guerra en África /
_cpor el General Yusuf.
260 _aBarcelona :
_bRevista Científico-Militar y Biblioteca Militar,
_c1887 (
_fImprenta de F. Giró)
300 _a122 p. ;
_c17 cm.
490 1 _aBiblioteca militar
594 _aSegún Palau, Yusuf posiblemente es un seudónimo.
650 7 _aÁfrica-
_xHistoria militar-
_yS. XIX
_2
_9135513
752 _aEspaña -
_dBarcelona
830 0 _aBiblioteca militar
_9181165
852 _aES-MaACL
_jG-9921
_z-- Enc. hol.
999 _c168090
_d168090